Library Logo

Pioneer International University Library Catalogue

The dance of change : (Record no. 9175)

MARC details
000 -LEADER
fixed length control field 00992cam a2200289 a 4500
001 - CONTROL NUMBER
control field 2143907
003 - CONTROL NUMBER IDENTIFIER
control field OSt
005 - DATE AND TIME OF LATEST TRANSACTION
control field 20250901165759.0
008 - FIXED-LENGTH DATA ELEMENTS--GENERAL INFORMATION
fixed length control field 980806s1999 nyua 001 0 eng
010 ## - LIBRARY OF CONGRESS CONTROL NUMBER
LC control number 98039789
040 ## - CATALOGING SOURCE
Original cataloging agency DLC
Transcribing agency DLC
Modifying agency DLC
050 00 - LIBRARY OF CONGRESS CALL NUMBER
Classification number HD 58 .82 .D36 1999
Item number .D36 1999
082 00 - DEWEY DECIMAL CLASSIFICATION NUMBER
Classification number 658.4/06
Edition information 21
245 04 - TITLE STATEMENT
Title The dance of change :
Remainder of title the challenges of sustaining momentum in learning organizations /
Statement of responsibility, etc. Peter Senge ... [et al.].
250 ## - EDITION STATEMENT
Edition statement 1st ed.
260 ## - PUBLICATION, DISTRIBUTION, ETC.
Place of publication, distribution, etc. New York :
Name of publisher, distributor, etc. Currency/Doubleday,
Date of publication, distribution, etc. 1999.
300 ## - PHYSICAL DESCRIPTION
Extent ix, 596 p. :
Other physical details ill. ;
Dimensions 23 cm.
500 ## - GENERAL NOTE
General note "A Fifth discipline resource."
500 ## - GENERAL NOTE
General note Includes index.
650 #0 - SUBJECT ADDED ENTRY--TOPICAL TERM
Topical term or geographic name entry element Organizational learning.
650 #0 - SUBJECT ADDED ENTRY--TOPICAL TERM
Topical term or geographic name entry element Organizational change.
700 1# - ADDED ENTRY--PERSONAL NAME
Personal name Senge, Peter M.
906 ## - LOCAL DATA ELEMENT F, LDF (RLIN)
a 7
b cbc
c orignew
d 1
e ocip
f 19
g y-gencatlg
942 ## - ADDED ENTRY ELEMENTS (KOHA)
Source of classification or shelving scheme Library of Congress Classification
Koha item type Books
Holdings
Withdrawn status Lost status Source of classification or shelving scheme Damaged status Not for loan Home library Current library Shelving location Date acquired Total checkouts Full call number Barcode Date last seen Price effective from Koha item type
    Library of Congress Classification     Main Library Main Library   12/02/2024   HD 58 .82 .D36 1999 PIU0016067 12/02/2024 12/02/2024 Books